Wird geladen...

Swathndryayottar hindi kavitha mem vyaghayu /

Bibliographische Detailangaben
1. Verfasser: Garv, Sorzaga
Format: Printed Book
Sprache:Hindi
Veröffentlicht: Delhi : Sahitya Bharathi Prakashan , 1973.
Schlagworte:
LEADER 00510nam a2200145Ia 4500
008 150624b xxu||||| |||| 00| p hin d
082 |a 861.809 
100 |a Garv, Sorzaga 
245 |c Sorzaga Garv  |a Swathndryayottar hindi kavitha mem vyaghayu / 
260 |a Delhi :  |b Sahitya Bharathi Prakashan ,  |c 1973. 
546 |a In Hindi. 
650 |v Poetry 
942 |c BK 
999 |c 91985  |d 91985 
952 |0 0  |1 0  |4 0  |6 861_809000000000000_GAR_S_H  |7 0  |9 91927  |a UL  |b UL  |c ST2  |d 1998-09-15  |l 0  |o 861.809 GAR/S H  |p 55393  |r 2012-10-27  |w 2012-10-27  |y BK